000 02075nam0a2200409 4500
001 RU\NLR\bibl\6431
005 20260406130042.0
010 _a5-7390-0346-6
_bобщ.
010 _a5-7390-0290-7
_b"Олимп"
010 _a5-7841-0055-6
_bИзд-во АСТ
_95000
021 _aRU
_b98-6215
_9301
035 _a(NLR Aleph) 000006259
090 _a18380
_c18380
100 _a19981026d1997 |||y0rusy50 ca
101 0 _arus
102 _aRU
105 _ay |||||||||
200 1 _aВойна и мир
_e[Роман (с сокр.)]
_fЛ. Толстой
_g[Авт. предисл., коммент. и учеб.-метод. материалов Е.Ю. Полтавец]
210 _aМ.
_cАСТ
_cОлимп
_d1997
215 _a685 с.
_d21
225 1 _aШк. классики
_eШК
_eКн. для ученика и учителя
320 _aБиблиогр. в коммент.: с. 445-459
320 _aБиблиогр.: с. 683-684 и в подстроч. примеч.
327 1 _aВ кн. также: Критика и коммент. Темы и развернутые планы соч. Материалы для подгот. к уроку
461 0 _12001#$aШкола классики$eКнига для ученика и учителя
_tШкола классики
604 _1700#1$aТолстой$bЛ.Н.$gЛев Николаевич$f1828 - 1910
_1500##$a"Война и мир"$xИзучение в школе$2nlr_sh1$2nlr_sh2$3RU\NLR\AUTH\661092635
_aТолстой, Лев Николаевич (1828 - 1910)
_t"Война и мир"
_xИзучение в школе
_91776190
_3RU\NLR\AUTH\661092635
686 _aШ9(2)62=Р5-4
_2rubbk
686 _aЧ426.21,6(2)315.8 Толстой Л.
700 1 _4070
_8rus
_7ca
_aТолстой
_bЛ. Н.
_f1828-1910
_gЛев Николаевич
_3RU\NLR\auth\771515
_9111537
801 0 _aRU
_bNLR
_c19981026
_gPSBO
801 1 _aRU
_bNLR
_c19981026
830 _aАвт. раскрыт по кн.
852 _aNLR
_j98-3/2861
942 _cBOOK
980 _aNB